| 000 | 01274cad a22002175a 4500 | ||
|---|---|---|---|
| 001 | L148460 | ||
| 008 | 090922e20090909xxkd f f000 0 eng d | ||
| 035 | _a(Sirsi) u148460 | ||
| 041 | 0 | _aeng | |
| 110 | 1 |
_aUnited Kingdom _bDepartment for Communities and Local Government _94939 |
|
| 245 | 0 | 0 |
_aHealey gives green light to council house building programme _h[electronic resource] |
| 260 | _c2009 | ||
| 490 |
_aDCLG News Release _v9 September 2009 |
||
| 520 | _aReports that the Housing Minister has given his agreement to the start of a council home building project across the country. With a total of over 2 000 homes to be built, this is the largest council building programme for almost two decades. Reveals that construction may be able to start before March 2010. Another set of projects will be announced in the autumn. Includes a chart with the number of local authorities, schemes, homes to be built and the amount of grants per region. | ||
| 590 | _aKA NTK | ||
| 650 | 2 | 4 |
_aAffordable housing _96215 |
| 651 | 4 |
_aEngland _y886- |
|
| 690 | _aPROPERTY-RESIDENTIAL PROPERTY-DOMESTIC RESIDENTIAL PROPERTY-HOUSING | ||
| 856 | 4 | 0 |
_uhttps://www.communities.gov.uk/news/corporate/1328869 _zView the press release free of charge at www.communities.gov.uk... |
| 942 | _n0 | ||
| 999 |
_c81849 _d81849 |
||